00737nam a2200157Ia 4500008004100000020001800041100002200059245011400081260004800195300004700243500005100290650004600341650004400387999001900431952012900450181022s9999 xx 000 0 und d a9789719809302 aDevilles, Gary C. cGary C. Devilles, Reagan R. Maiquez, Rolando B. Tolentino.--aArt sense :bsensing the arts in the everyday / aQuezon City :bC & E publishing, Inc.c2018 axxii, 313 pages :billustrations ;c22 cm. aIncludes bibliographical references and index. aArt -- study and teaching -- Philippines. aArt appreciation -- study and teaching. c359275d359275 00102lcc40aSSLCbSSLCcNULLd2018-10-22eLibrary Fundl0oNX 280 .T65 2018pSSLC1838r2018-10-22 00:00:00w2018-10-22yBK